[Event "Ontario-ch U20 U1800"]
[Site "Mississauga CAN"]
[Date "2019.01.12"]
[Round "1.13"]
[White "Yuen, Noah"]
[Black "Dong, Yiwei"]
[Result "1-0"]
[WhiteElo "1711"]
[BlackElo "1493"]
[PlyCount "61"]
[EventDate "2019.01.12"]
[EventType "swiss"]
[EventRounds "5"]
[EventCountry "CAN"]

1. d4 Nf6 2. c4 e6 3. Nf3 d5 4. e3 Nbd7 5. Nc3 Be7 6. Bd3 O-O 7. O-O b6 8. cxd5
exd5 9. Qe2 Re8 10. h3 c5 11. Bb5 Bd6 12. Bc6 Rb8 13. dxc5 Bxc5 14. Nxd5 Nxd5
15. Bxd5 Nf6 16. Bb3 Bb7 17. Rd1 Qe7 18. Bd2 Nh5 19. Rdc1 Nf4 20. Qd1 Nd3 21.
Rc2 Kh8 22. Ne1 Ne5 23. Bc3 Rbd8 24. Qh5 Ng6 25. Nf3 Be4 26. Ng5 Ne5 27. Nxe4
f6 28. Nxc5 bxc5 29. Bxe5 fxe5 30. Qf7 Qh4 31. Rc4 1-0

[Event "Ontario-ch U20 U1800"]
[Site "Mississauga CAN"]
[Date "2019.01.12"]
[Round "1.14"]
[White "Lin, Alle"]
[Black "Chakkoli, Anirud"]
[Result "1/2-1/2"]
[WhiteElo "1485"]
[BlackElo "1673"]
[PlyCount "113"]
[EventDate "2019.01.12"]
[EventType "swiss"]
[EventRounds "5"]
[EventCountry "CAN"]

1. d4 Nf6 2. c4 e6 3. Nf3 c5 4. e3 d5 5. Nc3 b6 6. b3 Bb7 7. Bb2 Be7 8. Be2 O-O
9. O-O Nbd7 10. Ne5 Re8 11. Qc2 Ne4 12. Rad1 cxd4 13. Nxe4 Nxe5 14. Rxd4 Qc7
15. Ng3 Bc5 16. cxd5 Rac8 17. d6 Qc6 18. Re4 Bxd6 19. Qxc6 Nxc6 20. Nh5 f5 21.
Rc4 Be5 22. Rxc6 Bxb2 23. Rxc8 Rxc8 24. Rd1 Bd5 25. Nf4 Rc1 26. Rxc1 Bxc1 27.
Nxd5 exd5 28. Bf3 Kf8 29. Bxd5 Ke7 30. Kf1 Kd6 31. Bg8 h6 32. Ke2 Bb2 33. Bc4
Kc5 34. Kf3 Kd6 35. Kf4 g6 36. Bf7 Be5+ 37. Kf3 g5 38. h3 b5 39. g4 f4 40. exf4
Bxf4 41. Ke4 Ke7 42. Bg6 Kd6 43. h4 b4 44. h5 Kc5 45. Bf7 a5 46. Kf5 Bd6 47.
Ke4 Bf8 48. f4 gxf4 49. Kxf4 Be7 50. Kf5 Kd4 51. Kg6 Bg5 52. Bg8 Kc3 53. Kf5
Kb2 54. Ke4 Kxa2 55. Kd4 Kb2 56. Kc4 Kc2 57. Kb5 1/2-1/2

[Event "Ontario-ch U20 U1800"]
[Site "Mississauga CAN"]
[Date "2019.01.12"]
[Round "1.15"]
[White "Li, Adam"]
[Black "Yang, Matthew"]
[Result "1-0"]
[WhiteElo "1659"]
[BlackElo "1475"]
[PlyCount "97"]
[EventDate "2019.01.12"]
[EventType "swiss"]
[EventRounds "5"]
[EventCountry "CAN"]

1. e4 c5 2. Nf3 e6 3. c3 Nc6 4. d4 cxd4 5. cxd4 Nf6 6. Nc3 Bb4 7. e5 Nd5 8. Bd2
O-O 9. Nxd5 Bxd2+ 10. Qxd2 exd5 11. Be2 d6 12. exd6 Qxd6 13. O-O Bf5 14. Rac1
Rac8 15. Bd3 Bxd3 16. Qxd3 Rfe8 17. Rfe1 Qf4 18. g3 Qf6 19. Kg2 Re6 20. Qb3
Rxe1 21. Rxe1 Rd8 22. Qxb7 Nxd4 23. Qxd5 Nxf3 24. Qxf3 Qxb2 25. Qc6 g6 26. a4
Qb4 27. Re3 Qb6 28. Qe4 Qd6 29. h4 Qd5 30. Qxd5 Rxd5 31. Re4 Kg7 32. Kf3 a6 33.
Ke3 f6 34. f3 Re5 35. Kd4 g5 36. Rxe5 fxe5+ 37. Kxe5 gxh4 38. gxh4 Kg6 39. f4
h6 40. Ke6 Kg7 41. h5 Kf8 42. f5 a5 43. Kf6 Kg8 44. Ke7 Kg7 45. f6+ Kh8 46. f7
Kh7 47. Kf6 Kh8 48. f8=Q+ Kh7 49. Qg7# 1-0

[Event "Ontario-ch U20 U1800"]
[Site "Mississauga CAN"]
[Date "2019.01.12"]
[Round "1.16"]
[White "Ning, Oswin"]
[Black "Han, Richard"]
[Result "1-0"]
[WhiteElo "1462"]
[BlackElo "1648"]
[PlyCount "137"]
[EventDate "2019.01.12"]
[EventType "swiss"]
[EventRounds "5"]
[EventCountry "CAN"]

1. e4 e5 2. Nf3 Nc6 3. d4 exd4 4. Nxd4 Bc5 5. Be3 Qf6 6. c3 Nge7 7. Be2 d6 8.
O-O Bd7 9. Nb5 O-O-O 10. Bxc5 dxc5 11. Nd2 a6 12. Na3 g5 13. Nac4 Ng6 14. Bg4
Nce5 15. Bxd7+ Rxd7 16. Qc2 Nf4 17. Nxe5 Qxe5 18. Nc4 Qe6 19. Ne3 h5 20. Nf5 h4
21. a4 Qg6 22. Rad1 Rhd8 23. Rxd7 Rxd7 24. Rd1 Rxd1+ 25. Qxd1 Qe6 26. Qg4 Kb8
27. Qxg5 Qxe4 28. h3 Qe1+ 29. Kh2 Qxf2 30. Nxh4 Ne2 31. Nf3 Ka7 32. Qf5 Qg3+
33. Kh1 Qg7 34. Qxc5+ Kb8 35. Qe5 Ng3+ 36. Kh2 Nf1+ 37. Kg1 Qxe5 38. Nxe5 Ne3
39. Nxf7 b5 40. axb5 axb5 41. g4 c5 42. g5 Kc7 43. g6 Nf5 44. h4 Kd7 45. h5 Ke7
46. h6 Nxh6 47. Nxh6 Kf6 48. Kf2 Kxg6 49. Ng4 Kf5 50. Ne3+ Ke4 51. Ke2 c4 52.
Nc2 Kd5 53. Ke3 Kc5 54. Ke4 Kc6 55. Kd4 Kb6 56. Na3 Ka5 57. Nxc4+ bxc4 58. Kxc4
Ka6 59. b4 Kb6 60. Kd5 Kb7 61. c4 Kc7 62. c5 Kd7 63. b5 Kc7 64. b6+ Kd7 65. c6+
Kc8 66. Kd6 Kb8 67. Kd7 Ka8 68. c7 Kb7 69. c8=Q+ 1-0

[Event "Ontario-ch U20 U1800"]
[Site "Mississauga CAN"]
[Date "2019.01.12"]
[Round "1.17"]
[White "Sharma, Vishruth"]
[Black "Zhuang, Winnie"]
[Result "1-0"]
[WhiteElo "1641"]
[BlackElo "1458"]
[PlyCount "59"]
[EventDate "2019.01.12"]
[EventType "swiss"]
[EventRounds "5"]
[EventCountry "CAN"]

1. e4 e6 2. d4 d5 3. e5 c5 4. c3 Nc6 5. Nf3 Qb6 6. a3 Be7 7. Be2 Bd7 8. O-O Nh6
9. b4 cxd4 10. cxd4 Nf5 11. Be3 Rc8 12. Qd2 f6 13. b5 Na5 14. Qb2 Nc4 15. Bxc4
Rxc4 16. Nbd2 Ra4 17. Rfb1 Kf7 18. g4 Nxe3 19. fxe3 Rc8 20. exf6 Kxf6 21. Ne5
Be8 22. Rf1+ Kg5 23. Ndf3+ Kh6 24. g5+ Bxg5 25. Nxg5 Kxg5 26. Qf2 g6 27. Qf4+
Kh5 28. Rf3 Rc1+ 29. Rxc1 g5 30. Rh3# 1-0

[Event "Ontario-ch U20 U1800"]
[Site "Mississauga CAN"]
[Date "2019.01.12"]
[Round "1.18"]
[White "Xu, Alex"]
[Black "Gauthier, David"]
[Result "0-1"]
[WhiteElo "1456"]
[BlackElo "1627"]
[PlyCount "76"]
[EventDate "2019.01.12"]
[EventType "swiss"]
[EventRounds "5"]
[EventCountry "CAN"]

1. e4 c5 2. Nf3 d6 3. d4 cxd4 4. Nxd4 Nf6 5. Nc3 a6 6. Bg5 e6 7. f4 h6 8. Bh4
Be7 9. Bf2 Qc7 10. Be2 Nbd7 11. Bf3 Rb8 12. O-O b5 13. a3 Bb7 14. Qe2 O-O 15.
Rad1 Nb6 16. b3 Qxc3 17. Nxb5 axb5 18. Bxb6 Bxe4 19. Bxe4 Rxb6 20. Bd3 Rc8 21.
Rf3 Kh8 22. Kh1 d5 23. Rdf1 Bxa3 24. Qf2 Bc5 25. Qh4 Qd4 26. g4 Ne4 27. c3 Qf6
28. g5 Qg6 29. Rh3 Be7 30. Bb1 Rbc6 31. Rff3 Nf2+ 32. Qxf2 Qxb1+ 33. Kg2 Qg6
34. Rfg3 Qe4+ 35. Kg1 Bc5 36. gxh6 Qe1+ 37. Kg2 Qxf2+ 38. Kh1 Qg1+ 0-1

[Event "Ontario-ch U20 U1800"]
[Site "Mississauga CAN"]
[Date "2019.01.12"]
[Round "1.20"]
[White "Yao, Henry"]
[Black "Locham, Divjot"]
[Result "0-1"]
[WhiteElo "1414"]
[BlackElo "1599"]
[PlyCount "84"]
[EventDate "2019.01.12"]
[EventType "swiss"]
[EventRounds "5"]
[EventCountry "CAN"]

1. e4 e5 2. Nf3 Nc6 3. Bc4 Bc5 4. d3 Nf6 5. O-O h6 6. Nc3 O-O 7. Qe2 d6 8. h3
Na5 9. Bb3 Nxb3 10. axb3 Re8 11. Be3 Bb4 12. Bd2 c6 13. Nd1 Bxd2 14. Qxd2 d5
15. exd5 cxd5 16. Ne3 Bd7 17. Rfe1 Bc6 18. Nf1 e4 19. dxe4 dxe4 20. Qxd8 Raxd8
21. N3d2 a6 22. Rad1 Rd5 23. Ne3 Rd7 24. Ndf1 Red8 25. Rxd7 Rxd7 26. Rd1 Rxd1
27. Nxd1 Kf8 28. Nfe3 Nd5 29. Nxd5 Bxd5 30. Nc3 Bc6 31. Kf1 Ke7 32. Ke2 Kd6 33.
Ke3 Ke5 34. Ne2 f5 35. g3 g5 36. c3 Bd7 37. h4 Be6 38. c4 Bd7 39. hxg5 hxg5 40.
f3 Bc6 41. fxe4 Bxe4 42. b4 Bc2 0-1

[Event "Ontario-ch U20 U1800"]
[Site "Mississauga CAN"]
[Date "2019.01.12"]
[Round "1.21"]
[White "Hughes-Dupuy, Henry"]
[Black "Dey, Jan Marten"]
[Result "1-0"]
[WhiteElo "1596"]
[BlackElo "1412"]
[PlyCount "149"]
[EventDate "2019.01.12"]
[EventType "swiss"]
[EventRounds "5"]
[EventCountry "CAN"]

1. e4 c6 2. d4 d5 3. Nc3 dxe4 4. Nxe4 Bf5 5. Ng3 Bg6 6. Nf3 Nd7 7. Bc4 e6 8.
Bf4 Ngf6 9. O-O Be7 10. c3 Qb6 11. Qb3 Qxb3 12. Bxb3 O-O 13. Rfe1 Nd5 14. Bxd5
cxd5 15. Ne5 Nxe5 16. Bxe5 Rac8 17. Bf4 b5 18. Rac1 b4 19. Bd2 bxc3 20. Rxc3
Rxc3 21. Bxc3 Rc8 22. Nf1 Ra8 23. Ne3 a5 24. Nxd5 Bb4 25. Nxb4 axb4 26. Bxb4
Rxa2 27. Ba3 Be4 28. f3 Bd5 29. Kf2 f6 30. Ke3 Kf7 31. Kd3 g5 32. Kc2 g4 33.
Kb1 gxf3 34. gxf3 f5 35. Re5 Bc4 36. Rc5 Bb3 37. d5 exd5 38. Rb5 Bc4 39. Rb4
Ke6 40. f4 h5 41. Rxc4 Rxa3 42. bxa3 dxc4 43. Kc2 Kd5 44. Kc3 h4 45. a4 h3 46.
a5 Kc5 47. a6 Kb6 48. Kxc4 Kxa6 49. Kd5 Kb5 50. Ke5 Kc6 51. Kxf5 Kd5 52. Kg5
Ke4 53. Kg4 Kd5 54. Kxh3 Ke6 55. Kg4 Kf6 56. h4 Kg6 57. h5+ Kf6 58. h6 Kg6 59.
h7 Kxh7 60. Kf5 Kg7 61. Ke6 Kf8 62. Kf6 Ke8 63. Kg7 Ke7 64. f5 Ke8 65. f6 Kd7
66. f7 Ke6 67. f8=Q Kd7 68. Qf6 Kc7 69. Qe6 Kb7 70. Qd6 Kc8 71. Qe7 Kb8 72. Kf6
Kc8 73. Ke6 Kb8 74. Kd6 Kc8 75. Qc7# 1-0

[Event "Ontario-ch U20 U1800"]
[Site "Mississauga CAN"]
[Date "2019.01.12"]
[Round "1.22"]
[White "Liao, Yilin"]
[Black "Stroganov, Victor"]
[Result "1-0"]
[WhiteElo "1381"]
[BlackElo "1587"]
[PlyCount "59"]
[EventDate "2019.01.12"]
[EventType "swiss"]
[EventRounds "5"]
[EventCountry "CAN"]

1. e4 e5 2. Nf3 Nc6 3. Bc4 Bc5 4. c3 Nf6 5. d3 h6 6. O-O O-O 7. Be3 Bb6 8. Nbd2
d6 9. h3 Be6 10. Bb3 Re8 11. Re1 d5 12. Nf1 dxe4 13. Bxe6 Rxe6 14. dxe4 Rd6 15.
Qb3 Na5 16. Qa4 Qd7 17. Qc2 Rd8 18. Ng3 Nc4 19. Bxb6 axb6 20. Nf5 Rc6 21. Rad1
Qe8 22. Rxd8 Qxd8 23. Rd1 Qe8 24. Nd2 Nd6 25. Nxd6 cxd6 26. g3 Qe6 27. a3 b5
28. Nf3 Qc4 29. Nxe5 Qc5 30. Nxc6 1-0

[Event "Ontario-ch U20 U1800"]
[Site "Mississauga CAN"]
[Date "2019.01.12"]
[Round "1.23"]
[White "Wang, Eric"]
[Black "Xie, Joanna"]
[Result "1-0"]
[WhiteElo "1579"]
[BlackElo "1373"]
[PlyCount "121"]
[EventDate "2019.01.12"]
[EventType "swiss"]
[EventRounds "5"]
[EventCountry "CAN"]

1. e4 e5 2. Nf3 Nc6 3. d4 exd4 4. Nxd4 Nf6 5. Nxc6 bxc6 6. e5 Qe7 7. Qe2 Nd5 8.
c4 Ba6 9. g3 g6 10. f4 Nb6 11. b3 Bg7 12. Bg2 O-O 13. Ba3 d6 14. Bxc6 Rad8 15.
Nc3 Qe6 16. O-O-O Rb8 17. Nb5 Bxb5 18. cxb5 Rfd8 19. Bb2 Nd7 20. Rhe1 Nc5 21.
Ba3 Nb7 22. Qf3 Na5 23. Bd5 Qf5 24. g4 Qd7 25. e6 Qxb5 26. exf7+ Kh8 27. Bb2
Qc5+ 28. Kb1 Bxb2 29. Kxb2 c6 30. Be6 d5 31. Qc3+ Qxc3+ 32. Kxc3 Kg7 33. h4 Nb7
34. Kd4 Nd6 35. Rc1 Rb6 36. Re3 Nxf7 37. Bxf7 Kxf7 38. Rec3 Rd6 39. a3 Kf6 40.
b4 h6 41. Re3 Rb5 42. Rc5 Rb6 43. Ra5 Rb7 44. Re5 Kf7 45. Re3 Kf6 46. Re5 Kf7
47. f5 g5 48. h5 Kf6 49. Rc5 Rc7 50. b5 Rc8 51. bxc6 Rcxc6 52. Rexd5 Rxd5+ 53.
Kxd5 Ra6 54. Rc6+ Rxc6 55. Kxc6 Ke5 56. Kb7 Kf4 57. f6 Kxg4 58. f7 Kh3 59. f8=Q
g4 60. Qxh6 g3 61. Qg5 1-0

[Event "Ontario-ch U20 U1800"]
[Site "Mississauga CAN"]
[Date "2019.01.12"]
[Round "1.24"]
[White "Qiu, James"]
[Black "Leblanc, Miguel"]
[Result "0-1"]
[WhiteElo "1338"]
[BlackElo "1539"]
[PlyCount "112"]
[EventDate "2019.01.12"]
[EventType "swiss"]
[EventRounds "5"]
[EventCountry "CAN"]

1. e4 c5 2. c3 d5 3. exd5 Qxd5 4. d4 cxd4 5. cxd4 Nc6 6. Nf3 Bg4 7. Nc3 Bxf3 8.
Nxd5 Bxd1 9. Nc7+ Kd8 10. Nxa8 Bh5 11. d5 Nb4 12. Rb1 Bg6 13. a3 Bxb1 14. axb4
Ba2 15. Be3 b6 16. Ba6 Bxd5 17. O-O e6 18. b5 Bd6 19. Rc1 Ne7 20. Nxb6 axb6 21.
Bxb6+ Kd7 22. Ba5 Ra8 23. Bc3 f6 24. Ra1 Bc5 25. b4 Bb6 26. Rd1 Nc8 27. Rd3 Nd6
28. Rg3 g6 29. Rh3 h5 30. Bxf6 Ne4 31. Bh4 Rf8 32. Rf3 Rxf3 33. gxf3 Nd2 34.
Kg2 Nxf3 35. Bg3 Ne5+ 36. Kf1 Nd3 37. Ke2 Nxb4 38. f4 Nxa6 39. bxa6 Bc4+ 40.
Kf3 Bxa6 41. Ke4 Bb7+ 42. Ke5 Ke7 43. Bh4+ Kf7 44. Bg5 Bf2 45. h4 Be1 46. Kd6
Bc3 47. Kc7 Bd5 48. Kd6 Bf6 49. Kc5 Bxg5 50. fxg5 Ke7 51. Kd4 Kd6 52. Ke3 Ke5
53. Kf2 Kf4 54. Kg1 e5 55. Kf2 e4 56. Kg2 e3+ 0-1

[Event "Ontario-ch U20 U1800"]
[Site "Mississauga CAN"]
[Date "2019.01.12"]
[Round "2.9"]
[White "Hughes-Dupuy, Henry"]
[Black "Liu, Harrison"]
[Result "1-0"]
[WhiteElo "1596"]
[BlackElo "1772"]
[PlyCount "109"]
[EventDate "2019.01.12"]
[EventType "swiss"]
[EventRounds "5"]
[EventCountry "CAN"]

1. e4 c5 2. Nf3 d6 3. d4 cxd4 4. Nxd4 Nf6 5. Nc3 g6 6. Be3 Bg7 7. Qd2 O-O 8.
Bc4 Nc6 9. f3 Bd7 10. O-O Rc8 11. Bb3 a6 12. Rad1 b5 13. Nce2 Ne5 14. c3 a5 15.
a3 Nc4 16. Bxc4 bxc4 17. Ng3 Ba4 18. Rde1 Nd7 19. Bh6 Nc5 20. Bxg7 Kxg7 21. Qg5
Kh8 22. e5 e6 23. Qh6 d5 24. h4 Rg8 25. Nge2 Qf8 26. Qxf8 Rgxf8 27. Nc1 Rb8 28.
Re2 Nd3 29. Nxd3 cxd3 30. Rd2 Bc2 31. b4 Rfc8 32. Nxc2 dxc2 33. Rxc2 axb4 34.
axb4 d4 35. Rfc1 d3 36. Rd2 Rxb4 37. Rxd3 Rxh4 38. Kf2 Rhc4 39. Ke2 Kg7 40. Kd2
g5 41. Rb1 Kg6 42. Rb4 Rxb4 43. cxb4 Rb8 44. Rd4 Rb5 45. Re4 Kf5 46. g4+ Kg6
47. Kc3 f6 48. Kc4 Rb8 49. exf6 Kxf6 50. b5 Ke7 51. Re3 h6 52. Kc5 Kd7 53. Rb3
Kc7 54. b6+ Kb7 55. Kd6 1-0

[Event "Ontario-ch U20 U1800"]
[Site "Mississauga CAN"]
[Date "2019.01.12"]
[Round "2.10"]
[White "Wang, Eric"]
[Black "Hua, MIchelle"]
[Result "0-1"]
[WhiteElo "1579"]
[BlackElo "1731"]
[PlyCount "70"]
[EventDate "2019.01.12"]
[EventType "swiss"]
[EventRounds "5"]
[EventCountry "CAN"]

1. e4 c5 2. c3 Nf6 3. e5 Nd5 4. d4 cxd4 5. Nf3 d6 6. cxd4 Nc6 7. Nc3 dxe5 8.
dxe5 Nxc3 9. Qxd8+ Nxd8 10. bxc3 Nc6 11. Bf4 g6 12. Bc4 Bg7 13. O-O-O O-O 14.
Rhe1 Bg4 15. Kc2 Rac8 16. Be2 Rfd8 17. Rxd8+ Rxd8 18. h3 Bf5+ 19. Kb2 Bd3 20.
Bxd3 Rxd3 21. Kc2 Rd5 22. a4 Rc5 23. Re4 a6 24. Be3 Rd5 25. c4 Rd7 26. Bd4
Nxd4+ 27. Rxd4 Rxd4 28. Nxd4 Bxe5 29. Nb3 Bd6 30. c5 Bc7 31. Kc3 f5 32. Kd4 Kf7
33. c6 b6 34. a5 e6 35. Kc4 Ke7 0-1

[Event "Ontario-ch U20 U1800"]
[Site "Mississauga CAN"]
[Date "2019.01.12"]
[Round "2.11"]
[White "Leblanc, Miguel"]
[Black "Yuen, Noah"]
[Result "1-0"]
[WhiteElo "1539"]
[BlackElo "1711"]
[PlyCount "61"]
[EventDate "2019.01.12"]
[EventType "swiss"]
[EventRounds "5"]
[EventCountry "CAN"]

1. d4 Nf6 2. Bf4 e6 3. Nf3 d5 4. e3 Bd6 5. Bg3 c5 6. c3 Nc6 7. Nbd2 O-O 8. Bd3
Qe7 9. Ne5 Re8 10. f4 Bd7 11. Bh4 Rad8 12. g4 g6 13. Qf3 cxd4 14. exd4 Kg7 15.
Qh3 Rh8 16. Ndf3 h5 17. Rg1 Be8 18. gxh5 Rxh5 19. Rg5 Rh7 20. Qg3 Rh6 21. f5
exf5 22. Rxf5 Rxh4 23. Nxh4 Bxe5 24. dxe5 Ne4 25. Bxe4 dxe4 26. Rg5 Qd7 27.
Nf5+ Kg8 28. Nd6 Qe6 29. Nxe4 Qc4 30. Nf6+ Kg7 31. Qh3 1-0

[Event "Ontario-ch U20 U1800"]
[Site "Mississauga CAN"]
[Date "2019.01.12"]
[Round "2.12"]
[White "Wang, Andrew"]
[Black "Li, Adam"]
[Result "0-1"]
[WhiteElo "1440"]
[BlackElo "1659"]
[PlyCount "114"]
[EventDate "2019.01.12"]
[EventType "swiss"]
[EventRounds "5"]
[EventCountry "CAN"]

1. e4 e5 2. Nf3 Nc6 3. Bc4 Nf6 4. d3 Bc5 5. O-O d6 6. h3 Be6 7. Bb3 h6 8. Be3
Bb6 9. Nc3 O-O 10. d4 exd4 11. Nxd4 Bxb3 12. axb3 Nxd4 13. Bxd4 Re8 14. Re1 c6
15. Bxb6 Qxb6 16. Qxd6 Re6 17. Qg3 Rae8 18. Qf3 a6 19. Rad1 Qb4 20. Qf4 Nxe4
21. Nxe4 Rxe4 22. Rxe4 Qxe4 23. Qxe4 Rxe4 24. Kf1 Re7 25. Re1 Kf8 26. g4 g5 27.
Re2 f6 28. Ke1 Kf7 29. Kd2 Rxe2+ 30. Kxe2 Ke6 31. Kd3 Ke5 32. Ke3 b6 33. c3 c5
34. c4 f5 35. gxf5 Kxf5 36. Kf3 h5 37. Ke3 g4 38. h4 Ke5 39. f3 g3 40. f4+ Kf5
41. Kf3 g2 42. Kxg2 Kxf4 43. Kf2 Ke4 44. Ke2 b5 45. b4 bxc4 46. bxc5 Kd5 47. c6
Kxc6 48. Kf3 a5 49. Kf4 a4 50. Kg5 c3 51. bxc3 a3 52. Kxh5 a2 53. Kg6 a1=Q 54.
h5 Qxc3 55. Kh7 Qf6 56. h6 Kd6 57. Kg8 Qxh6 0-1

[Event "Ontario-ch U20 U1800"]
[Site "Mississauga CAN"]
[Date "2019.01.12"]
[Round "2.13"]
[White "Wang, Zhixing"]
[Black "Sharma, Vishruth"]
[Result "0-1"]
[WhiteElo "1324"]
[BlackElo "1641"]
[PlyCount "81"]
[EventDate "2019.01.12"]
[EventType "swiss"]
[EventRounds "5"]
[EventCountry "CAN"]

1. e4 e5 2. Nf3 Nc6 3. Bc4 Bc5 4. c3 Nf6 5. d3 O-O 6. O-O d6 7. Nbd2 Be6 8. Bb3
a6 9. Re1 Ba7 10. Nf1 Na5 11. Bc2 c5 12. Ng3 Nc6 13. Nh4 Ne7 14. Be3 b5 15. Rc1
Qc7 16. Qe2 Rfd8 17. d4 Rac8 18. d5 Bd7 19. Qd2 h6 20. a3 Kh7 21. Kh1 c4 22.
Bxa7 Qxa7 23. Qe3 Qxe3 24. Rxe3 g5 25. Nf3 Ng6 26. Kg1 Nf4 27. Ne2 g4 28. h3
Nxe2+ 29. Rxe2 gxh3 30. Re3 hxg2 31. Kxg2 Nh5 32. Rg1 Rg8+ 33. Kf1 Rxg1+ 34.
Kxg1 Rg8+ 35. Kf1 Nf4 36. Ng1 Rg6 37. b3 cxb3 38. Bxb3 h5 39. c4 h4 40. Rf3 h3
41. Rg3 0-1

[Event "Ontario-ch U20 U1800"]
[Site "Mississauga CAN"]
[Date "2019.01.12"]
[Round "2.14"]
[White "Gauthier, David"]
[Black "Ning, Oswin"]
[Result "1-0"]
[WhiteElo "1627"]
[BlackElo "1462"]
[PlyCount "127"]
[EventDate "2019.01.12"]
[EventType "swiss"]
[EventRounds "5"]
[EventCountry "CAN"]

1. e4 e6 2. d4 d5 3. Nc3 Nf6 4. e5 Nfd7 5. Nf3 c5 6. Be3 Nc6 7. Be2 Be7 8. O-O
O-O 9. Qd2 a6 10. a4 cxd4 11. Bxd4 Qc7 12. Rfe1 Nxd4 13. Qxd4 Qc5 14. Qg4 Qb4
15. Qxb4 Bxb4 16. Bd3 b6 17. Re2 Bxc3 18. bxc3 Bb7 19. Nd4 Rfc8 20. Ra3 Rc7 21.
h4 Rac8 22. Re3 Nc5 23. Kf1 Nxd3 24. Rxd3 Bc6 25. Rb3 Rb7 26. Ra3 Kf8 27. Ke2
Ke7 28. Rg3 g6 29. h5 Bd7 30. h6 b5 31. a5 b4 32. Rb3 Rcb8 33. Kd2 Ba4 34. Rxb4
Rxb4 35. cxb4 Rxb4 36. c3 Rb2+ 37. Ke3 Bb5 38. Rg4 Ra2 39. Nxb5 axb5 40. Rb4
Rxa5 41. Kd4 Ra4 42. Kc5 Rxb4 43. cxb4 Kd7 44. Kxb5 Kc7 45. Kc5 Kb7 46. f4 Kc7
47. g4 Kb7 48. f5 gxf5 49. gxf5 Kb8 50. Kb5 Kb7 51. Kc5 Kc7 52. b5 Kb7 53. f6
Kc7 54. b6+ Kb8 55. Kd6 d4 56. Ke7 d3 57. Kxf7 d2 58. Ke7 d1=Q 59. f7 Kb7 60.
f8=Q Kxb6 61. Qd8+ Qxd8+ 62. Kxd8 Kc5 63. Ke7 Kd5 64. Kf6 1-0

[Event "Ontario-ch U20 U1800"]
[Site "Mississauga CAN"]
[Date "2019.01.12"]
[Round "2.15"]
[White "Locham, Divjot"]
[Black "Liao, Yilin"]
[Result "1-0"]
[WhiteElo "1599"]
[BlackElo "1381"]
[PlyCount "113"]
[EventDate "2019.01.12"]
[EventType "swiss"]
[EventRounds "5"]
[EventCountry "CAN"]

1. e4 d5 2. exd5 Qxd5 3. Nc3 Qa5 4. d4 Nf6 5. Bd2 c6 6. Nf3 Bf5 7. b4 Qc7 8.
Bc4 e6 9. Rb1 Nbd7 10. O-O Bd6 11. b5 Nb6 12. Bb3 Nbd5 13. Nxd5 Nxd5 14. bxc6
Qxc6 15. c4 Nb6 16. c5 Bxb1 17. Qxb1 Bxc5 18. dxc5 Qxc5 19. Qe4 Nd5 20. Rc1 Qd6
21. Ba4+ Ke7 22. Rd1 Rhd8 23. Nd4 Kf8 24. Qxh7 Nf6 25. Qh8+ Ke7 26. Qh4 Kf8 27.
Bb4 Qxb4 28. Nxe6+ fxe6 29. Qxb4+ Kf7 30. Qxb7+ Kf8 31. Rxd8+ Rxd8 32. Qxa7 Rc8
33. g3 Rd8 34. Qc5+ Kg8 35. Qe7 Rf8 36. Qxe6+ Kh8 37. Qh3+ Nh7 38. Bc2 g6 39.
Bxg6 Kg7 40. Qxh7+ Kf6 41. Qh6 Ke7 42. Qxf8+ Kxf8 43. a4 Ke7 44. a5 Kd6 45. h4
Ke6 46. h5 Kd6 47. a6 Ke7 48. a7 Kf6 49. a8=Q Ke5 50. Qe4+ Kd6 51. Qd4+ Kc6 52.
Be4+ Kb5 53. Qd5+ Kb6 54. Qc6+ Ka5 55. Qc5+ Ka6 56. Qb4 Ka7 57. Qb7# 1-0

[Event "Ontario-ch U20 U1800"]
[Site "Mississauga CAN"]
[Date "2019.01.12"]
[Round "2.16"]
[White "Chen, Richard"]
[Black "Srinivas, Atharva"]
[Result "1-0"]
[WhiteElo "1738"]
[BlackElo "1501"]
[PlyCount "131"]
[EventDate "2019.01.12"]
[EventType "swiss"]
[EventRounds "5"]
[EventCountry "CAN"]

1. Nf3 Nf6 2. g3 d5 3. Bg2 e6 4. O-O Be7 5. d4 Nbd7 6. Nbd2 O-O 7. c4 c6 8. b3
Re8 9. Bb2 Bd6 10. Ne5 Bc7 11. e4 Nxe5 12. dxe5 Nd7 13. exd5 cxd5 14. cxd5 Bxe5
15. Bxe5 Nxe5 16. dxe6 Rxe6 17. Nc4 Qxd1 18. Raxd1 Kf8 19. Nd6 Nc6 20. Nxc8
Rxc8 21. Bh3 Rce8 22. Bxe6 Rxe6 23. Rd7 Re7 24. Rfd1 Ke8 25. Rxe7+ Kxe7 26. Kf1
Nb4 27. Rd4 Nc6 28. Re4+ Kd7 29. Ke2 f5 30. Rc4 g6 31. f4 Kd6 32. Kd3 Kd7 33.
a3 Kd6 34. b4 b5 35. Rc5 a6 36. h3 Kd7 37. g4 fxg4 38. hxg4 Kd6 39. Ke4 Ne7 40.
f5 gxf5+ 41. gxf5 Ng8 42. Rd5+ Ke7 43. Re5+ Kf7 44. Re6 Nf6+ 45. Kf3 h5 46.
Rxa6 h4 47. Ra7+ Kg8 48. Rb7 Kf8 49. Rxb5 Kg7 50. Rb6 Kf7 51. Rxf6+ Kxf6 52.
Kg4 h3 53. Kxh3 Kxf5 54. a4 Ke6 55. a5 Kd6 56. Kg4 Kc6 57. Kf5 Kb5 58. Ke5 Ka6
59. Kd6 Kb7 60. b5 Ka7 61. Kc7 Ka8 62. a6 Ka7 63. b6+ Ka8 64. b7+ Ka7 65. b8=Q+
Kxa6 66. Qb6# 1-0

[Event "Ontario-ch U20 U1800"]
[Site "Mississauga CAN"]
[Date "2019.01.12"]
[Round "2.17"]
[White "Landstrom, Wiliam"]
[Black "Huang, Richard"]
[Result "1/2-1/2"]
[WhiteElo "1720"]
[BlackElo "1520"]
[PlyCount "98"]
[EventDate "2019.01.12"]
[EventType "swiss"]
[EventRounds "5"]
[EventCountry "CAN"]

1. e4 e5 2. Nf3 Nc6 3. d4 exd4 4. Nxd4 Bc5 5. Be3 Bb6 6. c3 Nf6 7. Bd3 O-O 8.
O-O Re8 9. Qc2 d5 10. Nxc6 bxc6 11. Nd2 Bxe3 12. fxe3 Ng4 13. Rae1 Ne5 14. Be2
Be6 15. exd5 cxd5 16. Nf3 Nxf3+ 17. Bxf3 c6 18. Kh1 Qb6 19. Re2 Bc8 20. e4 Ba6
21. Ref2 Bxf1 22. Rxf1 Rad8 23. exd5 cxd5 24. Qf5 Qe6 25. Qd3 Re7 26. h3 Qd6
27. Qd2 d4 28. Rd1 Red7 29. Qc2 Qg6 30. Be4 d3 31. Qa4 Qb6 32. Bxd3 Qxb2 33.
Bxh7+ Kxh7 34. Rxd7 Rxd7 35. Qxd7 Qc1+ 36. Kh2 Qf4+ 37. Kg1 Qe3+ 38. Kf1 Qc1+
39. Ke2 Qc2+ 40. Qd2 Qe4+ 41. Kf2 Qe7 42. Qc2+ g6 43. c4 Qc5+ 44. Kf1 Kg7 45.
Ke2 Qe5+ 46. Kd3 Qd6+ 47. Kc3 Qa3+ 48. Qb3 Qc1+ 49. Kb4 Kg8 1/2-1/2

[Event "Ontario-ch U20 U1800"]
[Site "Mississauga CAN"]
[Date "2019.01.12"]
[Round "2.18"]
[White "Chakkoli, Anirud"]
[Black "Xu, William"]
[Result "1-0"]
[WhiteElo "1673"]
[BlackElo "1328"]
[PlyCount "59"]
[EventDate "2019.01.12"]
[EventType "swiss"]
[EventRounds "5"]
[EventCountry "CAN"]

1. e4 d6 2. d4 Nf6 3. Nc3 g6 4. f4 Bg4 5. Nf3 Bg7 6. h3 Bxf3 7. Qxf3 c6 8. Bd3
Qb6 9. O-O Nfd7 10. e5 O-O 11. Be3 Qxb2 12. Ne4 d5 13. Ng5 e6 14. Qg4 Re8 15.
f5 exf5 16. Bxf5 Qa3 17. Bd3 Re7 18. Nxf7 Nf8 19. Nh6+ Bxh6 20. Bxh6 Nbd7 21.
Rf3 Rf7 22. Bxg6 Rxf3 23. Be8+ Ng6 24. Bxg6 Rg3 25. Qe6+ Kh8 26. Bg7+ Kxg7 27.
Qf7+ Kh6 28. Qxh7+ Kg5 29. Qh5+ Kf4 30. Qh4+ 1-0

[Event "Ontario-ch U20 U1800"]
[Site "Mississauga CAN"]
[Date "2019.01.12"]
[Round "2.19"]
[White "Han, Richard"]
[Black "Lin, Alle"]
[Result "1-0"]
[WhiteElo "1648"]
[BlackElo "1485"]
[PlyCount "151"]
[EventDate "2019.01.12"]
[EventType "swiss"]
[EventRounds "5"]
[EventCountry "CAN"]

1. d4 d5 2. c4 c6 3. Nc3 Nf6 4. Nf3 e6 5. e3 Be7 6. Bd3 Nbd7 7. O-O a6 8. e4
dxc4 9. Bxc4 b5 10. Bd3 c5 11. d5 e5 12. a4 b4 13. Ne2 Bb7 14. Ng3 Rc8 15. b3
a5 16. Bb2 O-O 17. Nxe5 Bd6 18. Nxd7 Nxd7 19. Nf5 Ne5 20. Be2 f6 21. f4 Ng6 22.
Qd2 Qc7 23. Nxd6 Qxd6 24. Rac1 Rfe8 25. Bd3 Qb6 26. Kh1 Ba6 27. Bxa6 Qxa6 28.
Qe3 Qd6 29. Rc4 Qxd5 30. Qf3 Qd6 31. g3 Qe7 32. Rd1 Red8 33. Rcc1 Rxd1+ 34.
Rxd1 Re8 35. Re1 Qb7 36. Re3 Qc6 37. Qe2 f5 38. Qc4+ Kf8 39. Bd4 Rxe4 40. Bxc5+
Ke8 41. Rxe4+ Qxe4+ 42. Qxe4+ fxe4 43. Kg2 Ne7 44. Bb6 Nc6 45. Kf2 Ke7 46. Ke3
Ke6 47. Kxe4 g6 48. h3 Kd6 49. g4 Ke6 50. g5 Kd6 51. h4 Ke6 52. Bc7 Kd7 53. Bb6
Ke6 54. Bc5 Nd8 55. Bd4 Nc6 56. Be5 Ne7 57. Bf6 Nc6 58. Bg7 Ne7 59. Be5 Nd5 60.
Kd4 Nc3 61. Kc5 Kf5 62. Kb6 Nd5+ 63. Kxa5 Ke6 64. Kb5 Kd7 65. a5 Kc8 66. Kc5
Kb7 67. Kxd5 Ka6 68. Bc7 Kb5 69. Ke6 Kc6 70. Bd8 Kb7 71. Kf7 Kc8 72. a6 Kb8 73.
Bb6 Kc8 74. Kg7 Kb8 75. Kxh7 Ka8 76. Kxg6 1-0